| 000 | 00726nam a22002417a 4500 | ||
|---|---|---|---|
| 005 | 20170124105934.0 | ||
| 010 | _aA-688611 | ||
| 020 |
_c95.00 _a8120308883 |
||
| 035 | _aA-688611 | ||
| 037 | _bCen Lib/Ret | ||
| 040 |
_aDPL _bEN |
||
| 082 |
_a342.54 _bBAS |
||
| 100 |
_aBasu, Durga Das _987574 |
||
| 245 |
_aIntroduction to the constitution of India / _cby Durga Das Basu |
||
| 250 | _a16th ed | ||
| 260 |
_aNew Delhi _bPrentice-Hall of India _c1994 |
||
| 270 |
_aM-97, Cannaught Circus _bNew Delhi _e110001 |
||
| 300 |
_axxi,477p. : _c22cm(Hb) |
||
| 500 | _aIncludes index | ||
| 650 |
_aConstitutional law -- India _987575 |
||
| 650 |
_aConstitutional law _987576 |
||
| 942 |
_2ddc _cEN _h342.54 _mBAS |
||
| 999 |
_c124064 _d124064 |
||